| 000 | 00859nam0a22002411 4500 | ||
|---|---|---|---|
| 001 | rc\361621 | ||
| 005 | 20260406114141.0 | ||
| 010 |
_a5-7411-0150-X _950000 |
||
| 035 | _a(NLR Aleph) 005592451 | ||
| 090 |
_a6226910 _c6226910 |
||
| 100 | _a20030307d1989 |||y0rusy50 ca | ||
| 101 | 0 | _arus | |
| 102 | _aRU | ||
| 105 | _aa ||||||||| | ||
| 200 | 1 |
_aПриключения Тома Сойера _e[Для мл. и сред. шк. возраста] _fМарк Твен _gПер. с англ. К.И. Чуковского _g[Худож. Л.Р. Андрус] |
|
| 210 |
_aУлан-Удэ _cБурят. кн. изд-во _d1989 |
||
| 215 |
_a190, [2] с. _cил. _d21 |
||
| 700 | 1 |
_7ca _8rus _aТвен _bМ. _f1835-1910 _gМарк _9110265 _3RU\NLR\auth\77201 |
|
| 801 | 0 |
_aRU _bNLR _gpsbo |
|
| 801 | 1 |
_aRU _bELAR _2rusmarc |
|
| 852 |
_aNLR _j89-3/11857 |
||
| 942 | _cBOOK | ||
| 980 | _aNB | ||